Systems in timber engineering : (Record no. 7478)

000 -LEADER
fixed length control field 01185cam a22003014a 4500
003 - CONTROL NUMBER IDENTIFIER
control field OSt
005 - DATE AND TIME OF LATEST TRANSACTION
control field 20200310084042.0
008 - FIXED-LENGTH DATA ELEMENTS--GENERAL INFORMATION
fixed length control field 071022s2008 sz a b 000 0 ger
020 ## - INTERNATIONAL STANDARD BOOK NUMBER
International Standard Book Number 9783764386894 (alk. paper)
040 ## - CATALOGING SOURCE
Original cataloging agency DLC
Transcribing agency DLC
Modifying agency DLC
041 1# - LANGUAGE CODE
Language code of text/sound track or separate title eng
Language code of original and/or intermediate translations of text ger
043 ## - GEOGRAPHIC AREA CODE
Geographic area code e-sz---
082 00 - DEWEY DECIMAL CLASSIFICATION NUMBER
Classification number 694
Edition number 22
100 1# - MAIN ENTRY--PERSONAL NAME
Personal name Kolb, Josef
Titles and other words associated with a name (Engineer)
240 10 - UNIFORM TITLE
Uniform title <a href="Holzbau mit System.">Holzbau mit System.</a>
Language of a work English
245 10 - TITLE STATEMENT
Title Systems in timber engineering :
Remainder of title loadbearing structures and component layers /
Statement of responsibility, etc Josef Kolb ; edited by Lignum, Holzwirtschaft Schweiz [and] DGfH, German Society of Wood Research ; [translation into English, Gerd H. Söffker and Philip Thrift].
260 ## - PUBLICATION, DISTRIBUTION, ETC. (IMPRINT)
Place of publication, distribution, etc Basel ;
-- Boston :
Name of publisher, distributor, etc Birkhäuser,
Date of publication, distribution, etc c2008.
300 ## - PHYSICAL DESCRIPTION
Extent 319 p. :
Other physical details ill. (some col.) ;
Dimensions 30 cm.
504 ## - BIBLIOGRAPHY, ETC. NOTE
Bibliography, etc Includes bibliographical references (p. 310-314).
650 #0 - SUBJECT ADDED ENTRY--TOPICAL TERM
Topical term or geographic name as entry element Building, Wooden.
650 #0 - SUBJECT ADDED ENTRY--TOPICAL TERM
Topical term or geographic name as entry element Building, Wooden
Geographic subdivision Switzerland.
650 #0 - SUBJECT ADDED ENTRY--TOPICAL TERM
Topical term or geographic name as entry element Structural design.
710 2# - ADDED ENTRY--CORPORATE NAME
Corporate name or jurisdiction name as entry element LIGNUM (Association : Switzerland)
710 2# - ADDED ENTRY--CORPORATE NAME
Corporate name or jurisdiction name as entry element Deutsche Gesellschaft für Holzforschung.
906 ## - LOCAL DATA ELEMENT F, LDF (RLIN)
a 7
b cbc
c orignew
d 2
e epcn
f 20
g y-gencatlg
942 ## - ADDED ENTRY ELEMENTS (KOHA)
Source of classification or shelving scheme
955 ## - COPY-LEVEL INFORMATION (RLIN)
Classification number, CCAL (RLIN) pc21 2007-10-22
Copy status, CST (RLIN) jf04 2008-07-16
Classification number, CCAL (RLIN) aa07 2008-07-21
Holdings
Withdrawn status Lost status Source of classification or shelving scheme Damaged status Koha normalized classification for sorting Not for loan Permanent location Current location Date acquired Full call number Barcode Date last seen Price effective from Koha item type
        694_000000000000000_HOL   BMS College of Architecture, Design and Planning BMS College of Architecture, Design and Planning 2020-03-10 694 HOL AR-UG1692 2020-03-10 2020-03-10 UG Books
Copyright © 2025, The Librarian, Library and Information Centre, BMSCA D&P, Bengaluru. All Rights Reserved
web counter

Powered by Koha